000 00432nam a2200145Ia 4500
008 100122s9999 xx 000 0 und d
082 _b23806
_a915.46
100 _aजोशी श्रीपाद
245 _aचिनारच्या छायेत
260 _c1971
300 _a50
630 _aचिनारच्या छायेत
730 _aचिनारच्या छायेत
942 _cBOOK
999 _c411338
_d411335